Online katalóg knižníc regiónu Turca

Rozprávky o zvieratkách (Record no. 21882)

MARC details
000 -LEADER
fixed length control field 01413nam a2200409 a 4500
001 - CONTROL NUMBER
control field 21882
003 - CONTROL NUMBER IDENTIFIER
control field VRT
005 - DATE AND TIME OF LATEST TRANSACTION
control field 20260313142606.0
008 - FIXED-LENGTH DATA ELEMENTS--GENERAL INFORMATION
fixed length control field 130701s2013 xo a j 000 j slo d
020 ## - INTERNATIONAL STANDARD BOOK NUMBER
International Standard Book Number 9788089590377 (brož.)
035 ## - SYSTEM CONTROL NUMBER
System control number a000480179
039 #9 - LEVEL OF BIBLIOGRAPHIC CONTROL AND CODING DETAIL [OBSOLETE]
Level of rules in bibliographic description 201309181428
Level of effort used to assign nonsubject heading access points uhliarova
Level of effort used to assign subject headings 201309051312
Level of effort used to assign classification argo
Level of effort used to assign subject headings 201309051306
Level of effort used to assign classification argo
Level of effort used to assign subject headings 201307011039
Level of effort used to assign classification edita
040 ## - CATALOGING SOURCE
Original cataloging agency SVKBBo
Language of cataloging slo
Transcribing agency UKB
Description conventions AACR2
041 1# - LANGUAGE CODE
Language code of text/sound track or separate title slo
Language code of original hun
044 ## - COUNTRY OF PUBLISHING/PRODUCING ENTITY CODE
MARC country code xo
ISO country code SK
072 #7 - SUBJECT CATEGORY CODE
Subject category code 821-93
Subject category code subdivision Literatúra pre deti a mládež (beletria)
Source konspekt
080 ## - UNIVERSAL DECIMAL CLASSIFICATION NUMBER
Universal Decimal Classification number 821-93
Edition identifier 2001
080 ## - UNIVERSAL DECIMAL CLASSIFICATION NUMBER
Universal Decimal Classification number (0:82-34)
Edition identifier 2001
100 1# - MAIN ENTRY--PERSONAL NAME
Personal name Pádár, Eva
Relationship adp
245 10 - TITLE STATEMENT
Title Rozprávky o zvieratkách
Name of part/section of a work Zajko a ježko a ďalšie rozprávky
Statement of responsibility, etc. [rozprávky La Fontaina a Ezopa prepracovala Eva Pádár ; preklad Monika Srnková ; ilustrácie Brijbasi Art Press]
246 30 - VARYING FORM OF TITLE
Title proper/short title Zajko a ježko a ďalšie rozprávky
260 ## - PUBLICATION, DISTRIBUTION, ETC.
Place of publication, distribution, etc. Nové Zámky
Name of publisher, distributor, etc. Ex book
Date of publication, distribution, etc. [2013]
300 ## - PHYSICAL DESCRIPTION
Extent 63 s.
Other physical details il.
500 ## - GENERAL NOTE
General note Pravdep. prel. z maď.
500 ## - GENERAL NOTE
General note Pannon-Literatúra Kft.
653 ## - INDEX TERM--UNCONTROLLED
Uncontrolled term 821-93
653 ## - INDEX TERM--UNCONTROLLED
Uncontrolled term (0:82-34)
655 #7 - INDEX TERM--GENRE/FORM
Genre/form data or focus term publikácie pre deti
Source of term UKBPH
655 #7 - INDEX TERM--GENRE/FORM
Genre/form data or focus term rozprávky
Source of term UKBPH
700 1# - ADDED ENTRY--PERSONAL NAME
Personal name Srnková, Monika
Relationship trl
710 2# - ADDED ENTRY--CORPORATE NAME
Corporate name or jurisdiction name as entry element Brijbasi Art Press (Noida, India)
Relationship ill
910 ## - USER-OPTION DATA (OCLC)
User-option data svkbb
910 ## - USER-OPTION DATA (OCLC)
User-option data ukb
942 ## - ADDED ENTRY ELEMENTS (KOHA)
Source of classification or shelving scheme Dewey Decimal Classification
Koha item type Krásna literatúra pre deti
Suppress in OPAC No
949 ## - LOCAL PROCESSING INFORMATION (OCLC)
6 1800583247
a SL.D.92686
b PV.8473-2013
949 ## - LOCAL PROCESSING INFORMATION (OCLC)
6 1800583248
a SK.D.60359
b PV.8474-2013
s 6707:20130920
Holdings
Stav vyradenia Strata Poškodenie Spôsob nadobudnutia Domovská knižnica Aktuálna knižnica Dátum nadobudnutia Total checkouts Čiarový kód exemplára Date last seen Typ exemplára
      Dar Obecná knižnica Horná Štubňa Obecná knižnica Horná Štubňa 13.03.2026   9788084446136 13.03.2026 Krásna literatúra pre deti
Projekt je podporený Slovenskou asociáciou knižníc
Prevádzkuje Turčianska knižnica Martin 2026